000 00418nam a2200157Ia 4500
008 230524s9999 xx 000 0 und d
082 _a621.3821
_bRAS
100 _aMuhammad H.Rashid
245 0 _a"Power Electronics: Circuit, Device and Applications"
250 _a3RD
260 _aSINGAPORE
_b"Pearson, PHI"
_c2005
300 _aXXIV;880
500 _aQuantity Number: 81
650 _aElectrical
942 _cBK
999 _c20307
_d20307